00550nam a2200229Ia 4500008004100000020001500041050001000056050001600066100002100082245002600103245002000129260001400149260002100163260000900184300001600193300002700209300001100236440001900247650001600266650001300282650002500295170203s9999 xx 000 0 und d a189976254x a551.6 bAl416h 2002 aAllaby, Michael. 4aThe world's weather / cMichael Allaby. aLondon :  bHorus Editions,  c2002 a46 pages :  bcolor illustrations ;  c31 cm. a How it works. aWeather --  aWeather. xJuvenile literature.